The culture and civilization of ancient India in historical outline / (Record no. 55045)
[ view plain ]
| 000 -LEADER | |
|---|---|
| fixed length control field | 00702nam a2200229 a 4500 |
| 001 - CONTROL NUMBER | |
| control field | 55045 |
| 003 - CONTROL NUMBER IDENTIFIER | |
| rucl marc code | BD-RjUL |
| 005 - DATE AND TIME OF LATEST TRANSACTION | |
| control field | 20211209080216.0 |
| 008 - FIXED-LENGTH DATA ELEMENTS--GENERAL INFORMATION | |
| fixed length control field | 161113r19631997enk 000 0 eng d |
| 035 ## - SYSTEM CONTROL NUMBER | |
| System control number | (BD-RjUL)55167 |
| System control number | 1245134 |
| 040 ## - CATALOGING SOURCE | |
| Original cataloging agency | ANL |
| Language of cataloging | eng |
| Transcribing agency | ANL |
| Modifying agency | ANL |
| 041 ## - LANGUAGE CODE | |
| Language code of text/sound track or separate title | eng |
| 082 04 - DEWEY DECIMAL CLASSIFICATION NUMBER | |
| Classification number | 954.01 |
| Author mark and year | KOC 1997 |
| 100 1# - MAIN ENTRY--PERSONAL NAME | |
| Personal name | Kosambi, Damodar Dharmanand, |
| Dates associated with a name | 1967-1966. |
| 9 (RLIN) | 164094 |
| 245 14 - TITLE STATEMENT | |
| Title | The culture and civilization of ancient India in historical outline / |
| Statement of responsibility, etc. | by D. D. Kosambi. |
| 260 ## - PUBLICATION, DISTRIBUTION, ETC. (IMPRINT) | |
| Place of publication, distribution, etc. | London : |
| Name of publisher, distributor, etc. | Routledge and K. Paul, |
| Date of publication, distribution, etc. | 1963 [reprint 1997] |
| 300 ## - PHYSICAL DESCRIPTION | |
| Pagination | xi, 243 p. : |
| Illustrations | ill. ; |
| Size | 26 cm. |
| 651 #0 - SUBJECT ADDED ENTRY--GEOGRAPHIC NAME | |
| Geographic name | India |
| General subdivision | Civilization. |
| 9 (RLIN) | 164095 |
| 942 ## - ADDED ENTRY ELEMENTS (KOHA) | |
| Source of classification or shelving scheme | Dewey Decimal Classification |
| Koha item type | Books |
| Lost status | Source of classification or shelving scheme | Damaged status | Not for loan | Collection code | Permanent Location | Current Location | Shelving location | Date acquired | Source of acquisition | Cost, normal purchase price | Total Checkouts | Full call number | Date last seen | Date checked out | Copy number | Koha item type |
|---|---|---|---|---|---|---|---|---|---|---|---|---|---|---|---|---|
| Dewey Decimal Classification | Non-fiction | Central Library, University of Rajshahi | Central Library, University of Rajshahi | 13/08/1997 | Paragon Enterprises Dhaka | 95.00 | 1 | 954.01 KOC 1997 | 06/11/2017 | 06/11/2017 | C-2 | Books | ||||
| Dewey Decimal Classification | Not For Loan | Non-fiction | Central Library, University of Rajshahi | Central Library, University of Rajshahi | Reading Room | 13/08/1997 | Dhaka, Paragon Enterprises Ltd. | 95.00 | 954.01 KOC 1997 | 06/02/2017 | C-1 | Books | ||||
| Dewey Decimal Classification | Non-fiction | Central Library, University of Rajshahi | Central Library, University of Rajshahi | 27/08/1971 | Paramount book corporation | 41.25 | 954.01 KOC 1997 | 06/03/2017 | C-3 | Books |